Clipper Programovací techniky

Na minha lista:
Detalhes bibliográficos
Autor principal: Kočí, Antonín
Outros Autores: Jimel, Jiří
Formato: Livro
Idioma:tcheco
Publicado em: Praha Grada 1991
Edição:1. vyd.
Colecção:Nestůjte za dveřmi
Assuntos:
Tags: Adicionar Tag
Sem tags, seja o primeiro a adicionar uma tag!

MARC

LEADER 00000nam a2200000 4500
001 c001247
005 20221206114453.2
020 |a 80-85424-24-X 
041 0 |a cze 
044 |a CZ 
245 1 0 |a Clipper  |b Programovací techniky  |c Antonín Kočí, Jiří Jimel 
250 |a 1. vyd. 
264 1 |a Praha  |b Grada  |c 1991 
300 |a 130 s. 
490 1 |a Nestůjte za dveřmi 
830 0 |a Nestůjte za dveřmi 
610 2 0 |a Clipper 
610 2 0 |a programovanie 
610 2 0 |a systémy databázové 
100 1 |a Kočí, Antonín 
700 1 |a Jimel, Jiří